000 00255nam a2200097Ia 4500
001 1225427
005 20250827092945.0
008 250824s9999 xx 000 0 und d
245 0 _aTROLLER
_cMİYASE SERTBARUT
260 _bALTIN KİTAPLAR
999 _c1225427
_d1225427